[Event "Leipzig VfB op 15th"]
[Site "Leipzig"]
[Date "2008.02.29"]
[Round "5"]
[White "Kreyssig, Markus"]
[Black "Greim, Marcel"]
[Result "0-1"]
[WhiteElo "1803"]
[BlackElo "1555"]
[PlyCount "74"]
[EventDate "2008.02.26"]
[EventType "swiss"]
[EventRounds "9"]
[EventCountry "GER"]
[SourceTitle "CBM 123 Extra"]
[Source "ChessBase"]
[SourceDate "2008.05.06"]
[SourceVersion "1"]
[SourceVersionDate "2008.05.06"]
[SourceQuality "1"]

1. d4 Nf6 2. Nf3 d5 3. c4 c6 4. Nc3 a6 5. e3 Bg4 6. Qb3 b5 7. cxd5 cxd5 8. Ne5 Bf5 9. Bd3 Bxd3 10. Nxd3 e6 11. 0-0 Nc6 12. a3 Na5 13. Qd1 Bd6 14. b4 Qc7 15. bxa5 Qxc3 16. Bb2 Qxa5 17. Qc2 Rc8 18. Qxc8+ Qd8 19. Qxd8+ Kxd8 20. Rfc1 Ke7 21. Rc6 Ra8 22. f3 Nd7 23. e4 Nb8 24. Rc2 dxe4 25. fxe4 Nd7 26. e5 Bb8 27. Rc6 Ba7 28. Rac1 Nb6 29. Nc5 Nc4 30. Rc2 a5 31. Ne4 Nxb2 32. Rc7+ Kd8 33. Nd6 Bxd4+ 34. Kf1 Nc4 35. Nxc4 Kxc7 36. Nd6+ Kd7 37. Nxf7 Rf8 0-1

[Event "Leipzig VfB op 15th"]
[Site "Leipzig"]
[Date "2008.02.28"]
[Round "3"]
[White "Kreyssig, Markus"]
[Black "Dietzel, Uwe"]
[Result "1/2-1/2"]
[WhiteElo "1803"]
[BlackElo "1551"]
[PlyCount "31"]
[EventDate "2008.02.26"]
[EventType "swiss"]
[EventRounds "9"]
[EventCountry "GER"]
[SourceTitle "CBM 123 Extra"]
[Source "ChessBase"]
[SourceDate "2008.05.06"]
[SourceVersion "1"]
[SourceVersionDate "2008.05.06"]
[SourceQuality "1"]

1. d4 e6 2. c4 Nf6 3. Nc3 Bb4 4. Bg5 c5 5. d5 Bxc3+ 6. bxc3 e5 7. Qc2 0-0 8. e4 d6 9. Bd3 Nbd7 10. Ne2 h6 11. Bd2 Kh7 12. 0-0 Ng8 13. f4 Qe7 14. Ng3 g6 15. Rf3 Ndf6 16. Raf1 1/2-1/2